Difúzne spájanie keramiky

Gespeichert in:
Bibliographische Detailangaben
1. Verfasser: Alowa, Mohammed Jaffer A., 1986- (Verfasst von)
Weitere Verfasser: Švec, Pavol, 1963- (Betreuung Doktorarbeit)
Format: Manuskript Buch
Sprache:Englisch
Veröffentlicht: Bratislava : STU v Bratislave SjF, 2010
Schlagworte:
Online-Zugang:VAIS
Tags: Tag hinzufügen
Keine Tags, Fügen Sie das erste Tag hinzu!

MARC

LEADER 00000ntm a22000003a 4500
001 stu218646
005 20150617230114.7
008 101207s2010----xo------------------eng-d
040 |a STU  |b slo 
041 0 |a eng 
044 |a xo 
100 1 |a Alowa, Mohammed Jaffer A.,  |d 1986-  |4 aut  |u J  |T SjF Strojnícka fakulta  |X 47474  |U J  |Y 20  |7 A000047474 
242 0 0 |a Diffusion Bonding of Ceramics  |y eng 
245 1 |a Difúzne spájanie keramiky 
260 |a Bratislava :  |b STU v Bratislave SjF,  |c 2010 
650 7 |a výrobné systémy a manažérstvo kvality  |2 stusub 
650 7 |a Production Systems and Quality Management  |2 estusub 
650 7 |a diffusion  |2 estusub 
650 7 |a difúzia  |2 stusub 
700 1 |a Švec, Pavol,  |d 1963-  |4 ths  |u J280  |U SjF Ústav technológií a materiálov  |T SjF Katedra materiálov a technológií  |X 2305  |U J280  |Y 52  |7 A000002305 
856 4 |a info a plný text  |u http://is.stuba.sk/zp/portal_zp.pl?podrobnosti=73948  |3 VAIS 
996 |b 284J039107  |c J*975/BP  |l JJSK  |s A  |a 24  |w stu218646_0001